[Event "World Junior U20 Open 2018"]
[Site "Gebze"]
[Date "2018.09.10"]
[Round "6.9"]
[White "Sadikhov, Ulvi"]
[Black "Van Foreest, Jorden"]
[Result "0-1"]
[WhiteElo "2491"]
[BlackElo "2624"]
[Annotator "TA"]
[PlyCount "114"]
[EventDate "2018.09.05"]
[EventType "swiss"]
[EventCountry "TUR"]
[SourceTitle "playchess.com"]
[Source "ChessBase"]
[SourceQuality "1"]

{[%evp 11,114,0,25,24,22,16,16,20,20,12,18,0,0,0,0,0,0,0,0,-19,-19,-31,-17,-56,0,-25,-26,-27,-17,-70,-64,-81,-80,-71,0,0,0,0,0,0,0,0,0,0,0,0,0,0,0,0,0,0,0,0,0,-18,0,0,0,0,0,0,0,-47,-29,-36,-37,-36,0,-1,0,-42,-46,-33,0,0,0,0,0,0,0,0,0,0,0,-37,0,-379,-370,-357,-356,-29982,-29983,-29983,-29984,-29984,-29985,-29985,-29986,-29986,-29987,-29987,-29988,-29988,-29987]} 1. e4 c5 2. Nf3 d6 3. Bb5+ Bd7 4. Bxd7+ Nxd7 5. c4 Ngf6 6. Nc3 Ne5 7. O-O {B52: Sicilian: Moscow Variation with 3...Bd7} e6 8. d3 Be7 9. Nxe5 {The position is equal.} dxe5 10. f4 O-O 11. fxe5 Qd4+ $146 ({Predecessor:} 11... Nd7 12. Bf4 Bg5 13. g3 Be7 14. h4 Qb8 15. Kg2 Nxe5 {½-½ (29) Hansen,E (2596)-Fedorowicz,J (2422) Montreal 2014}) 12. Kh1 Qxe5 13. Bf4 Qh5 $1 14. Qe1 Nd7 15. e5 Nb8 16. Ne4 Nc6 17. Qg3 Kh8 ({Black should play} 17... Qg6 $15) 18. a3 Rad8 19. Rae1 Rd7 20. Nd6 (20. Re3 $11) 20... Qg6 $15 21. Qf2 b6 22. Re3 Nxe5 (22... Bxd6 $17 23. exd6 e5 24. Bxe5 Nxe5 25. Rxe5 Qxd3) 23. Bxe5 $11 Bxd6 24. Rg3 $1 Bxe5 25. Rxg6 hxg6 26. Qe2 Bf6 27. b3 Kg8 28. g3 Rfd8 29. Rf3 Rd4 30. h4 g5 31. hxg5 Bxg5 32. Kg2 Bf6 33. a4 a6 34. Qf1 R8d6 35. Kh3 Rd7 36. Qe2 a5 37. Qf1 Bd8 38. Qe2 Bc7 39. Qe3 Bd6 40. Kg2 Bf8 41. Kh3 g6 42. Qe2 Bh6 43. Qe5 Bf8 44. Qb8 R4d6 45. Kg2 Kg7 46. g4 Be7 47. Kf1 Bg5 48. Ke2 (48. Rh3 $5 {[%cal Rb8h8]} Rd8 49. Qb7 $11) 48... e5 $36 {[%mdl 2048] Black has good play.} 49. Rh3 $2 {[%mdl 8192]} (49. Kf1 $11) 49... Rd8 $19 50. Qc7 {[#]} e4 $1 {[%mdl 512]} 51. dxe4 $2 (51. Rh2 $19) 51... Rd2+ {Black mates.} 52. Ke1 Rd1+ 53. Kf2 R8d2+ 54. Kf3 Rd3+ 55. Ke2 R1d2+ 56. Ke1 Rxh3 {[%cal Rh3h1]} 57. Qe5+ Bf6 {Precision: White = 59%, Black = 72%.} 0-1

[Event "World Junior U20 Open 2018"]
[Site "Gebze"]
[Date "2018.09.10"]
[Round "6.10"]
[White "Sargsyan, Shant"]
[Black "Karthikeyan, Murali"]
[Result "0-1"]
[WhiteElo "2477"]
[BlackElo "2605"]
[Annotator "TA"]
[PlyCount "94"]
[EventDate "2018.09.05"]
[EventType "swiss"]
[EventCountry "TUR"]
[SourceTitle "playchess.com"]
[Source "ChessBase"]
[SourceQuality "1"]

{[%evp 18,94,20,13,28,-16,-8,-26,-27,-47,-47,-55,-52,-55,-29,-35,-29,-30,-8,-22,-21,-3,-9,-7,-17,-53,-55,-64,-24,-18,-20,-27,23,16,18,-30,0,0,0,0,0,-2,-5,-76,-62,-69,-47,-77,-87,-93,-55,-136,-139,-185,-177,-242,-182,-187,-216,-277,-249,-340,-323,-595,-564,-641,-577,-856,-850,-809,-781,-1004,-810,-12840,-12840,-12841,-12840,-12842,-12843]} 1. d4 Nf6 2. c4 g6 3. Nc3 Bg7 4. e4 d6 5. Nf3 O-O 6. Be2 e5 7. O-O Nc6 8. Be3 Re8 9. dxe5 dxe5 10. h3 Nh5 {E97: King's Indian: Classical Main Line (6...e5 7 0-0 Nc6): 8 Be3 and 8 d5 Ne7, not 9 Ne1} (10... Be6 11. Re1 h6 12. Qc1 Kh7 13. Rd1 Qc8 14. Qc2 Nb4 15. Qb3 Nc6 16. Qc2 Nb4 17. Qa4 Nc6 18. a3 Rd8 {½-½ (56) Feller,S (2666)-Grischuk,A (2746) Khanty-Mansiysk 2011}) 11. Nd5 Nf4 12. Re1 Ne6 {Black has an edge.} 13. Bf1 Ncd4 14. Nxd4 exd4 $146 ({Predecessor:} 14... Nxd4 15. Rc1 c6 16. Nb4 Qa5 17. a3 Be6 18. Bxd4 exd4 {½-½ (31) Vera Gonzalez Quevedo,R (2468)-Gerzhoy,L (2481) Montreal 2014}) 15. Bd2 c6 16. Nb4 Nc5 17. Qf3 $1 d3 18. Nxd3 Nxd3 19. Bxd3 Bxb2 20. Rab1 Be5 21. Bh6 c5 22. Bc2 Qh4 23. Be3 b6 24. Rbd1 g5 {[%cal Bg6g5,Bg5g4][%mdl 32]} 25. Ba4 g4 26. g3 Qxh3 27. Qg2 Qxg2+ 28. Kxg2 Re7 29. Rd8+ Kg7 {Threatens to win with ...Bb7.} 30. Bc6 (30. Bg5 $1 $11 Re6 31. Bd7) 30... Bb7 $17 31. Rxa8 Bxc6 32. Rd8 Bc7 $1 $36 {[%cal Rc7d8][%mdl 2048] Black is on the roll.} 33. Rd5 Bxd5 34. exd5 {[%mdl 4096] Endgame [#] KRB-KRB} (34. cxd5 $15 h5 35. Bd2) 34... Kg6 $1 35. a4 Re4 36. Rc1 (36. Bd2 {was worth a try.} Rxc4 37. Re7) 36... h5 37. a5 {[#]} f5 $1 {[%cal Bf7f5,Bf5f4,Bf4f3][%mdl 32]} ({And not} 37... bxa5 38. Bxc5 Kf5 39. Bxa7 $11) 38. axb6 axb6 39. Rc3 {[#]} h4 $1 {[%mdl 512]} 40. gxh4 $2 (40. Rd3) 40... f4 $19 {Black is clearly winning.} 41. Bd2 Rd4 42. Rc2 {If White can now play f3 this consolidates a bit.} f3+ 43. Kf1 Bf4 44. Ke1 Re4+ 45. Kd1 g3 46. Bxf4 g2 47. Bh2 Rxh4 {Precision: White = 34%, Black = 77%.} 0-1

[Event "World Junior U20 Open 2018"]
[Site "Gebze"]
[Date "2018.09.10"]
[Round "6.11"]
[White "Petrosyan, Manuel"]
[Black "Priasmoro, Novendra"]
[Result "1-0"]
[WhiteElo "2581"]
[BlackElo "2498"]
[Annotator "TA"]
[PlyCount "85"]
[EventDate "2018.09.05"]
[EventType "swiss"]
[EventCountry "TUR"]
[SourceTitle "playchess.com"]
[Source "ChessBase"]
[SourceQuality "1"]

{[%evp 24,85,42,43,59,51,56,41,66,57,62,54,68,78,89,84,77,71,73,73,75,74,67,54,68,62,57,69,269,62,99,64,97,75,93,114,197,178,190,191,173,194,187,168,183,164,312,252,213,114,822,814,781,670,670,665,661,661,640,646,647,641,636,616]} 1. d4 Nf6 2. c4 g6 3. g3 Bg7 4. Bg2 O-O 5. Nc3 d6 6. Nf3 Nc6 7. O-O e5 8. dxe5 dxe5 9. Bg5 Be6 10. Qc1 {E62: King's Indian: Fianchetto: 6...c6 and Panno Variation (6...Nc6) without ...a6} Qc8 (10... Qb8 11. Rd1 Nd7 12. Bh6 f6 13. Bxg7 Kxg7 14. b3 Rf7 15. Qb2 Qf8 16. Rd2 Rd8 17. Rad1 Nb6 18. Rxd8 Nxd8 {½-½ (35) Vidit,S (2721)-Naiditsch,A (2700) Hungary 2017}) 11. Rd1 Nd7 12. b3 f6 13. Bh6 {LiveBook: 3 Games} Rf7 14. Bxg7 Kxg7 15. Ne1 {[%cal Bf3e1,Be1d3,Bd3b4,Bb4d5][%mdl 32]} h5 $146 ({Predecessor:} 15... Qf8 16. Nc2 a5 17. Qe3 Nc5 {1-0 (51) Sprecic,M (2306)-Nurkic,S (2426) Tuzla 2005}) 16. h4 Nd4 17. e3 Nf5 18. Nd3 Rb8 19. Qa3 a6 20. Ne4 Nh6 21. c5 {[%cal Bc4c5,Bc5c6][%mdl 32]} Nf8 22. c6 {Strongly threatening cxb7.} b6 23. Nb4 a5 24. Nd5 $36 {[%mdl 2048] Black is under pressure.} Nh7 25. Rac1 Bh3 $2 (25... Qf8 $14 26. Qb2 Bxd5 27. Rxd5 Qe8) 26. Bh1 $2 (26. Nd6 $1 $18 {[%cal Rd6c8]} cxd6 27. c7 Bxg2 28. Kxg2 (28. cxb8=Q {leads to mate.} Qh3 29. Qg8+ Kxg8 30. f3 Bxf3 31. Rc8+ Kg7 32. Rg8+ Kxg8 33. Ne7+ Rxe7 34. Kf2 Qg2+ 35. Ke1 Qe2#)) 26... Qe6 27. Qa4 Kh8 28. Nec3 g5 29. Nb5 Rc8 (29... Qc8 $16) 30. Ndxc7 $18 Rfxc7 31. Nxc7 Rxc7 {[#]} 32. Rd8+ $1 Kg7 {[#]} 33. Qb5 $1 {[%cal Rb5b6]} gxh4 34. Qxb6 Re7 (34... Rf7 $142) 35. Qc5 ({Less strong is} 35. Qxa5 hxg3 36. c7 (36. fxg3 Qg4 $16) 36... Qg4 $16) 35... hxg3 36. fxg3 (36. c7 $18 gxf2+ 37. Kxf2 Qf5+ 38. Ke1 Qf1+ 39. Kd2 Qf2+ 40. Kc3) 36... Qf7 $2 {[%mdl 8192]} (36... Rc7 $16) 37. Bd5 {White is clearly winning.} Be6 38. Bxe6 Qxe6 {[#]} 39. Qxe7+ $1 {[%mdl 512]} Qxe7 40. Rd7 Nf5 41. Rxe7+ Nxe7 42. c7 Nc8 43. Rd1 {Precision: White = 60%, Black = 36%.} 1-0

[Event "World Junior U20 Open 2018"]
[Site "Gebze"]
[Date "2018.09.10"]
[Round "6.12"]
[White "Tutisani, Noe"]
[Black "Liang, Awonder"]
[Result "0-1"]
[WhiteElo "2471"]
[BlackElo "2575"]
[Annotator "TA"]
[PlyCount "96"]
[EventDate "2018.09.05"]
[EventType "swiss"]
[EventCountry "TUR"]
[SourceTitle "playchess.com"]
[Source "ChessBase"]
[SourceQuality "1"]

{[%evp 24,96,23,23,23,23,23,23,24,18,23,23,23,25,25,25,23,27,36,12,13,0,-6,-8,0,-41,-32,-46,-36,-68,-50,-70,-59,-70,-70,-133,-62,-85,-52,-164,-121,-127,-125,-159,-140,-126,-93,-93,-104,-183,-188,-215,-181,-193,-193,-312,-310,-325,-317,-274,-251,-382,-381,-377,-377,-454,-454,-422,-404,-404,-399,-731,-723,-697,-687]} 1. e4 c6 2. d4 d5 3. exd5 cxd5 4. Bd3 Nc6 5. c3 Nf6 6. Bf4 Bg4 7. Qb3 Qd7 8. Nd2 e6 9. Ngf3 Bd6 10. Bxd6 Qxd6 11. O-O O-O 12. Rfe1 Bxf3 13. Nxf3 Qc7 {B13: Caro-Kann: Exchange Variation and Panov-Botvinnik Attack} (13... Nd7 14. a4 Rab8 15. a5 h6 16. Qa3 Qxa3 17. Rxa3 Rfc8 18. g3 Kf8 19. Rea1 Ke7 20. Rb3 b6 21. axb6 axb6 {1-0 (52) Jumabayev,R (2612)-Saric,I (2669) Riadh 2017}) 14. Qc2 Rab8 15. Qe2 Rfc8 {White has an edge.} 16. Rad1 $146 ({Predecessor:} 16. Ne5 Nxe5 17. dxe5 Nd7 18. f4 g6 19. Kh1 Nc5 20. Bc2 {½-½ (33) Kralevski,A (2169)-Kutirov,R (2323) Skopje 2015}) 16... a6 17. a4 Re8 18. h4 g6 19. g3 h5 20. Kg2 Kg7 21. Rc1 Ng4 22. Ne5 Ngxe5 23. dxe5 Rec8 24. f4 Qe7 25. Rh1 Rh8 26. c4 dxc4 27. Rxc4 Rbd8 28. Rhc1 Rd7 29. Be4 (29. R1c3 $15) 29... Na5 (29... Rhd8 $17 30. Kh3 Rd2) 30. R4c3 $15 Rhd8 $36 {[%mdl 2048] [#] ...Rd2 is the strong threat. Black fights for an advantage.} 31. Rd3 ({White should try} 31. Qe3 $1 $15) 31... Qb4 32. Rcd1 Qxa4 33. Rd6 Rxd6 34. exd6 Qb4 35. d7 Nc4 36. Rd4 (36. Kh3 $17) 36... b5 $19 37. Bb7 Qc5 38. Rd3 a5 39. b3 (39. Kh2 $142) 39... Nb6 40. Qb2+ Kg8 41. Qd2 Qc7 42. Ba6 (42. Be4 $142 Rxd7 43. Qxa5 Qc2+ 44. Kh3 Rxd3 45. Qxb5) 42... Qc6+ 43. Kg1 Rxd7 {[#] White must now prevent ...Nd5.} 44. Rxd7 Nxd7 45. Qxa5 Qc1+ 46. Kg2 Qc2+ 47. Kh3 $2 (47. Kh1 Nf6 48. Qxb5) 47... Qc6 {[%cal Rc6h1]} 48. Kh2 Nf6 {Precision: White = 43%, Black = 83%.} 0-1

[Event "World Junior U20 Open 2018"]
[Site "Gebze"]
[Date "2018.09.10"]
[Round "6.13"]
[White "Narayanan.S.L"]
[Black "Lorparizangeneh, Shahin"]
[Result "1-0"]
[WhiteElo "2573"]
[BlackElo "2491"]
[Annotator "TA"]
[PlyCount "57"]
[EventDate "2018.09.05"]
[EventType "swiss"]
[EventCountry "TUR"]
[SourceTitle "playchess.com"]
[Source "ChessBase"]
[SourceQuality "1"]

{[%evp 12,57,47,19,32,32,45,52,68,67,87,75,96,86,77,85,128,121,144,120,162,139,118,102,274,221,300,317,572,554,854,762,810,774,1173,1166,1154,1150,1293,1286,1252,1234,29983,29984,29989,1329,5497,5497]} 1. d4 {[%cal Bd2d4,Bd4d5][%mdl 32]} Nf6 2. c4 e6 3. Nf3 c5 4. d5 b5 5. Bg5 b4 6. e4 {E10: Blumenfeld Gambit} d6 7. a3 {LiveBook: 8 Games} Be7 8. Bd3 {White is slightly better.} a5 9. axb4 cxb4 10. c5 $1 exd5 {[#]} 11. cxd6 $1 Qxd6 12. e5 Qe6 13. O-O $36 {[%mdl 3072] [#] White has strong compensation. White is really pushing.} Nfd7 $146 ({Predecessor:} 13... Ne4) 14. Re1 Bc5 15. Nbd2 {[%cal Bb1d2,Bd2b3,Bb3d4][%mdl 32]} Qb6 16. Bh4 {Strongly threatening Ng5.} Nf8 17. Nb3 Be7 $2 (17... Ne6 $16) 18. Nbd4 Bxh4 19. Nxh4 Ng6 $2 (19... Ne6) 20. Bb5+ $18 Kf8 {[#]} 21. e6 $1 {[%mdl 512]} Bxe6 22. Rc1 {[%cal Ba1c1,Bc1c8,Bc8a8][%mdl 32]} Kg8 23. Nxe6 fxe6 24. Rc8+ Nf8 25. Qf3 {[%csl Gf3][%cal Rc8f8]} Nbd7 26. Rxa8 {Intending Bxd7 and mate.} Qxb5 27. Rxe6 Qc4 28. Re1 (28. g3 $142 Qc1+ 29. Kg2 h6 30. Ng6 Qc5 31. Ne7+ Qxe7 32. Rxe7 Kh7 33. Qf5+ Ng6 34. Rxh8+ Kxh8 35. Qxg6 Kg8 36. Qxg7#) 28... h6 29. Ng6 {Precision: White = 71%, Black = 40%.} 1-0

[Event "World Junior U20 Open 2018"]
[Site "Gebze"]
[Date "2018.09.10"]
[Round "6.14"]
[White "Pichot, Alan"]
[Black "Lodici, Lorenzo"]
[Result "1/2-1/2"]
[WhiteElo "2562"]
[BlackElo "2458"]
[Annotator "TA"]
[PlyCount "61"]
[EventDate "2018.09.05"]
[EventType "swiss"]
[EventCountry "TUR"]
[SourceTitle "playchess.com"]
[Source "ChessBase"]
[SourceQuality "1"]

{[%evp 32,61,0,0,0,0,0,0,0,0,116,0,0,0,0,0,0,0,0,0,0,0,0,0,1465,0,0,0,0,0,0,0]} 1. e4 e5 2. Nf3 Nc6 3. Bb5 a6 4. Ba4 Nf6 5. O-O b5 6. Bb3 Bc5 7. a4 Bb7 8. c3 d6 9. d4 Bb6 10. Re1 O-O 11. Bg5 h6 12. Bh4 exd4 {C78: Ruy Lopez: Archangelsk and Möller Defences} 13. cxd4 g5 14. Nxg5 hxg5 15. Bxg5 Nxd4 16. Bd5 Ne6 {[%cal Bd4e6,Be6g7,Bg7e8][%mdl 32]} 17. Bh4 {LiveBook: 5 Games} Bxd5 (17... c6 18. Qf3 Bd4 19. e5 Nxd5 20. Qg4+ {1-0 (29) Sutovsky,E (2620)-Bosiocic,M (2607) Austria 2016}) 18. exd5 Ng7 $1 19. Qf3 Re8 {[%cal Re8e1] [#]} 20. Nc3 Rxe1+ 21. Rxe1 Bd4 $146 22. Ne4 Nge8 $1 23. h3 bxa4 24. Qf4 Rb8 $1 25. Nxf6+ Bxf6 {[#]} 26. Rxe8+ $1 {[%mdl 512]} Qxe8 27. Bxf6 $11 {White wants to mate with Qg5+. KQR-KQB} Qe1+ 28. Kh2 Qb1 $1 {The position is equal.} 29. Qg4+ Qg6 {Strongly threatening ...Qxg4.} 30. Qh4 {[%csl Gf6][%cal Rh4h8]} Qh7 {Threatens to win with ...Qxh4.} 31. Qg4+ 1/2-1/2

[Event "World Junior U20 Open 2018"]
[Site "Gebze"]
[Date "2018.09.10"]
[Round "6.15"]
[White "Bai, Jinshi"]
[Black "Raja Harshit"]
[Result "1-0"]
[WhiteElo "2556"]
[BlackElo "2419"]
[Annotator "TA"]
[PlyCount "37"]
[EventDate "2018.09.05"]
[EventType "swiss"]
[EventCountry "TUR"]
[SourceTitle "playchess.com"]
[Source "ChessBase"]
[SourceQuality "1"]

{[%evp 18,37,6,8,6,16,13,0,0,0,46,59,58,15,265,263,250,262,325,324,314,271]} 1. Nf3 Nf6 2. c4 e6 3. g3 d5 4. d4 Be7 5. Bg2 O-O 6. Nc3 dxc4 7. Ne5 c5 8. dxc5 Qxd1+ 9. Nxd1 {E06: Closed Catalan: Early deviations} Bxc5 10. Nc3 {LiveBook: 14 Games} Nc6 11. Nxc4 {The position is equal.} Nd5 (11... Bd7 12. O-O Rfd8 13. Rd1 Be8 14. Bf4 Rac8 15. Nd6 Bxd6 16. Bxd6 Na5 17. Bb4 Nc6 18. Ba3 Na5 19. Rxd8 Rxd8 20. b3 Bc6 {1-0 (54) Wang,Y (2690)-Kryvoruchko,Y (2689) Riadh 2017}) 12. Bd2 Rd8 13. O-O Nd4 14. Rfd1 Bd7 {[#] Threatening ...Nxc3.} 15. Na5 $146 ({Predecessor:} 15. Bxd5 exd5 16. Ne5 Bb4 17. Be3 Bxc3 18. Bxd4 Bxd4 19. Rxd4 {½-½ (105) Banusz,T (2580)-Zilka,S (2529) Austria 2013}) 15... Rab8 $2 (15... Nxc3 $11 16. bxc3 Ba4) 16. Bxd5 $18 exd5 {[#]} 17. Bf4 $1 Bb6 18. Bxb8 Rxb8 19. Nb3 1-0

[Event "World Junior U20 Open 2018"]
[Site "Gebze"]
[Date "2018.09.10"]
[Round "6.16"]
[White "Lobanov, Sergei"]
[Black "Gorshtein, Ido"]
[Result "1-0"]
[WhiteElo "2535"]
[BlackElo "2383"]
[Annotator "TA"]
[PlyCount "61"]
[EventDate "2018.09.05"]
[EventType "swiss"]
[EventCountry "TUR"]
[SourceTitle "playchess.com"]
[Source "ChessBase"]
[SourceQuality "1"]

{[%evp 21,61,39,64,31,40,0,0,0,11,-12,-10,-22,64,54,51,13,60,38,129,66,211,67,336,320,344,243,341,329,325,343,358,364,405,400,453,440,579,536,509,130,2405,2184]} 1. e4 c6 2. d4 d5 3. Nc3 dxe4 4. Nxe4 Nf6 5. Nxf6+ exf6 6. c3 Bd6 7. Bd3 O-O 8. Qc2 Re8+ 9. Ne2 h6 10. O-O Qc7 {B15: Caro-Kann: 3 Nc3: 3...g6 and 3...dxe4 4 Nxe4 Nf6 5 Nxf6+ exf6} 11. h3 Be6 {LiveBook: 3 Games} 12. c4 Qd7 $146 {White is slightly better.} ({Predecessor:} 12... c5 13. d5 Bc8 14. Nc3 a6 15. Bd2 Nd7 16. Rae1 Rxe1 17. Rxe1 Nf8 {1-0 (54) Mastrovasilis,D (2582)-Roesemann,R (2255) Katowice 2017}) 13. f4 {aiming for f5.} f5 14. a3 Na6 15. g4 {[%cal Bg2g4,Bg4f5][%mdl 32]} b5 {Threatening ...Bxc4.} 16. b3 {[%cal Rg4f5]} Qe7 (16... fxg4 $6 17. f5 $16) (16... f6 $11) 17. gxf5 $14 (17. cxb5 Qh4 $11) 17... Bd7 18. Ng3 Qf6 (18... Qh4 $5 {[%cal Rh4g3]} 19. Kg2 Nc7 $11) 19. Qf2 {Threatens to win with Nh5.} bxc4 (19... Qh4 $14) 20. bxc4 ({Better is} 20. Nh5 $1 $16 {[%cal Rh5f6]} Qd8 21. Bxc4 (21. bxc4 Bf8 $16) 21... Bxf5 22. Bxa6) 20... c5 (20... Qh4 $14) 21. Bb2 (21. Nh5 $1 $18 {[%cal Rh5f6]} Qxd4 22. Bb2 Qxf2+ 23. Kxf2) 21... cxd4 $2 {[%mdl 8192] [#]} (21... Qh4 $1 $14) 22. Nh5 $1 $18 {[%cal Rh5f6]} ({Stronger than} 22. Bxd4 Qxd4 23. Qxd4 Bc5 $11) 22... Qe7 {White should prevent ...Qe3.} 23. Bxd4 {Strongly threatening Qg2.} Bc5 {[#]} (23... f6 {keeps fighting.} 24. Kh2 Nc5) 24. Kh2 $1 ({Avoid the trap} 24. Nxg7 $2 Bxd4 25. Qxd4 Qe3+ 26. Qxe3 Rxe3 $19) 24... Qd6 25. Bxc5 Nxc5 26. Bc2 f6 27. Rg1 Re7 28. Rad1 Qb6 {[#]} 29. Rxg7+ $1 {[%mdl 512]} Rxg7 30. Rg1 $2 (30. Nxg7 $18 Kh8 31. Nh5) 30... Ne6 $2 {[%mdl 8192]} (30... Rxg1 $16 31. Qxg1+ Kf8) 31. Rxg7+ {Precision: White = 42%, Black = 28%.} 1-0

[Event "World Junior U20 Open 2018"]
[Site "Gebze"]
[Date "2018.09.10"]
[Round "6.17"]
[White "Puranik, Abhimanyu"]
[Black "Kalogeris, Ioannis"]
[Result "1-0"]
[WhiteElo "2524"]
[BlackElo "2352"]
[Annotator "TA"]
[PlyCount "41"]
[EventDate "2018.09.05"]
[EventType "swiss"]
[EventCountry "TUR"]
[SourceTitle "playchess.com"]
[Source "ChessBase"]
[SourceQuality "1"]

{[%evp 18,41,44,27,22,10,44,44,52,45,50,50,46,64,83,85,135,128,136,143,135,130,325,312,476,467]} 1. e4 c5 2. Nf3 e6 3. d4 cxd4 4. Nxd4 a6 5. Bd3 Qc7 6. O-O Nf6 7. c4 d6 8. Nc3 Nbd7 9. Qe2 {B42: Sicilian: Kan Variation: 5 Bd3} Ne5 (9... Be7 10. f4 O-O 11. Kh1 b6 12. Bd2 g6 13. Rae1 Bb7 14. f5 exf5 15. exf5 Rae8 16. fxg6 hxg6 17. Bxg6 fxg6 18. Qd3 Bd8 19. Qxg6+ Kh8 20. Ne6 Rxe6 21. Rxe6 Qxc4 22. Rf4 Nh7 23. Re8 Qc6 24. Rfxf8+ Ndxf8 25. Rxd8 Qc4 26. Ne2 {1-0 (26) Smirin,I (2658)-Teterev,V (2494) Minsk 2015}) 10. Nf3 {LiveBook: 5 Games} Nxd3 11. Qxd3 {The position is equal.} Nd7 12. Rd1 Be7 13. Bf4 {[%cal Rf4d6]} Ne5 $1 {[%cal Re5d3]} 14. Nxe5 dxe5 15. Be3 $36 {[%mdl 2048] White is more active.} O-O $146 {[#]} ({Predecessor:} 15... Bd7 16. Bb6 Qc6 {1-0 (31) Jarmula,L (2296)-Lupascu,M (2079) Iasi 2014}) 16. Na4 $1 b5 17. cxb5 axb5 18. Nb6 Rb8 19. Qxb5 {Threatens to win with a4.} Qb7 $2 {[#]} (19... Bd8 $16 {was worth a try.}) 20. Qxe5 $18 Bd8 (20... f6 {might work better.} 21. Qd4 f5 22. exf5 exf5 23. Qc4+ Kh8) 21. Bf4 1-0

[Event "World Junior U20 Open 2018"]
[Site "Gebze"]
[Date "2018.09.10"]
[Round "6.18"]
[White "Agmanov, Zhandos"]
[Black "Jarmula, Lukasz"]
[Result "0-1"]
[WhiteElo "2379"]
[BlackElo "2504"]
[Annotator "TA"]
[PlyCount "76"]
[EventDate "2018.09.05"]
[EventType "swiss"]
[EventCountry "TUR"]
[SourceTitle "playchess.com"]
[Source "ChessBase"]
[SourceQuality "1"]

{[%evp 11,76,18,14,13,16,22,33,6,11,1,10,22,0,0,0,-17,32,8,8,4,10,6,12,9,48,37,49,33,43,30,56,67,51,47,109,108,75,13,62,38,50,64,67,62,60,38,38,0,0,0,0,0,-1,0,25,-75,-70,-75,-54,-163,-101,-205,-166,-901,-927,-1455,-1455]} 1. e4 c6 2. d4 d5 3. exd5 cxd5 4. Bd3 Nc6 5. c3 Qc7 6. Ne2 Bg4 7. O-O {B13: Caro-Kann: Exchange Variation and Panov-Botvinnik Attack} e6 (7... Nf6 8. Qe1 Bxe2 9. Qxe2 g6 10. f4 Bh6 11. Nd2 O-O 12. Qf2 e6 13. Qh4 Bg7 14. Nf3 Ne7 {1-0 (49) Piorun,K (2651)-Rodshtein,M (2699) Katowice 2017}) 8. Qe1 Be7 9. Nf4 $146 {White is slightly better.} ({Predecessor:} 9. Nd2 Bh5 10. Nb3 Bg6 11. Bf4 Qb6 12. Nec1 Nf6 13. Qe2 Nh5 14. Bd2 Qc7 {1-0 (50) Hansen,S (2580)-Lokander,M (2368) Sweden 2018}) 9... g6 10. Na3 Nf6 11. f3 Bf5 $1 12. Bxf5 gxf5 13. Be3 a6 14. Rc1 h5 15. Nc2 $36 {[%mdl 2048] White fights for an advantage.} h4 {With the idea ...Bd6.} 16. Nb4 Bd6 17. Nbd3 Ne7 18. b3 b5 19. Kh1 Rc8 20. Qd2 Nh5 21. Nxh5 Rxh5 22. Bf4 Ng6 (22... Bxf4 $14 23. Nxf4 Rh8) 23. Bxd6 $16 Qxd6 24. f4 (24. Ra1 $16) 24... Kf8 25. Nc5 Kg7 26. Ra1 Rhh8 27. a4 Ra8 28. Ra2 Rhb8 29. g3 Rh8 {aiming for ...hxg3.} 30. Kg2 bxa4 31. Rxa4 Rh6 32. Raa1 Rah8 {Threatens to win with ...hxg3.} 33. Rh1 (33. g4 $1 $11 {remains equal.}) 33... a5 $17 34. Qe3 Qb8 35. Rae1 {[#]} ({White should play} 35. Qe2 $1 $15) 35... R8h7 ({Better is} 35... a4 $1 $19 {[%cal Ra4b3][%mdl 512]} 36. b4 (36. bxa4 hxg3) 36... a3) 36. Qf3 (36. Qc1 $17 {was called for.}) 36... Qh8 {Strongly threatening ...hxg3.} 37. h3 $2 (37. g4 h3+ 38. Kf1 fxg4 39. Qd1 (39. Qxg4 $2 Rh4 $19)) 37... hxg3 $19 38. Qxg3 {[#]} Rxh3 $1 {[%mdl 512] Precision: White = 41%, Black = 62%.} 0-1